| 000 | 00700nam a22002297a 4500 | ||
|---|---|---|---|
| 005 | 20170124110033.0 | ||
| 010 | _aA-998219 | ||
| 020 |
_c00.00 _a8175410337 |
||
| 035 | _aA-998219 | ||
| 037 | _bCen Lib/Ret | ||
| 040 |
_adpl _bEN |
||
| 082 |
_a886.092 _bVER |
||
| 100 |
_aVerma, B.N. _922098 |
||
| 245 |
_aEminent english letter-writers : _cby B.N.Verma _bXVIII century / |
||
| 260 |
_bShipra Publications _c1999 _aDelhi |
||
| 270 |
_a115-A, Vikas Marg, Shakarpur _bDelhi _e110092 |
||
| 300 |
_a151p. _c20cm(Hb) |
||
| 500 | _aIncludes bibliographical references | ||
| 650 |
_aClassical greek letters. _922099 |
||
| 650 |
_aLetters. _922100 |
||
| 942 |
_2ddc _cEN _h886.092 _mVER |
||
| 999 |
_c127987 _d127987 |
||